00282nam a2200121Ia 4500008004100000100002100041245002700062260002900089300000800118650001000126942000700136999001700143190216s9999||||xx |||||||||||||| ||und|| aParamanand Gupta 0aHindi-Vyavasayik Hindi bMac Millian And Com. Ltd a193 aHindi cBK c15460d15460